000
00280nam a22001217a 4500
041
_a
ENG
100
_a
Ronald.C.Denney
245
_a
What Solar Energy Can do For You
260
_a
Delhi
_b
Frederick Muller London
_c
1980
300
_a
106
650
_a
EOES (12 )
856
_u
EOES
999
_c
2687
_d
2687